000
00309 a2200157 4500
001
175617
020
_a
040
_c
Magnum
100
_a
-
240
1
0
_a
Copasa
_l
por
245
1
0
_a
Copasa
362
0
_a
1899
440
1
_a
Fundação João Pinheiro
697
_a
MAGNITO: ESTUDOS SOCIAIS
942
_c
BK
999
_c
175617
_d
175617